Proposals for the 1995 Finance Bill (Record no. 98511)
[ view plain ]
| 000 -LEADER | |
|---|---|
| fixed length control field | 01357cam a2200217 4500 |
| 001 - CONTROL NUMBER | |
| control field | A542 |
| 008 - FIXED-LENGTH DATA ELEMENTS--GENERAL INFORMATION | |
| fixed length control field | 090401t1994 xxu||||| |||| 00| 0 eng d |
| 035 ## - SYSTEM CONTROL NUMBER | |
| System control number | (Sirsi) u95500 |
| 041 ## - LANGUAGE CODE | |
| Language code of text/sound track or separate title | eng |
| 110 ## - MAIN ENTRY--CORPORATE NAME | |
| Corporate name or jurisdiction name as entry element | Royal Institution of Chartered Surveyors |
| 9 (RLIN) | 4900 |
| 245 ## - TITLE STATEMENT | |
| Title | Proposals for the 1995 Finance Bill |
| 260 ## - PUBLICATION, DISTRIBUTION, ETC. | |
| Name of publisher, distributor, etc. | RICS |
| Date of publication, distribution, etc. | 1994 |
| 300 ## - PHYSICAL DESCRIPTION | |
| Extent | 22p |
| 350 ## - PRICE (NR) (BK AM CF MU VM SE) [OBSOLETE] | |
| Price | 3 |
| 490 ## - SERIES STATEMENT | |
| Series statement | RICS Memorandum |
| Volume/sequential designation | GCPPA/Report(94)15 |
| 520 ## - SUMMARY, ETC. | |
| Summary, etc. | A number of proposals for the Finance Bill are outlined. Includes the following recommendations; setting up an Authorised Housing Investment Trust; energy efficiency loans; reinstating the Housing Corporation three year investment programme to 1993 levels;use of local authority capital receipts for refurbishment and maintenance of housing stock; easing of rates burden on empty property; continuation of transitional relief; introduction of depreciation allowances; anomalies over capital allowances; adjustment of fiscal policy to aid clean up of contaminated land; review of grants and tax relief to enable a sustainable forestry policy; remove Taxes Act 1988 s397 which prevents farm losses being set against other income; a number of measures for heritage property; preservation of indexation relief for capiatl gains tax. |
| 650 ## - SUBJECT ADDED ENTRY--TOPICAL TERM | |
| Topical term or geographic name entry element | FINANCE BILL 1995 |
| 690 ## - LOCAL SUBJECT ADDED ENTRY--TOPICAL TERM (OCLC, RLIN) | |
| Topical term or geographic name as entry element | TAXATION |
| 942 ## - ADDED ENTRY ELEMENTS (KOHA) | |
| Suppress in OPAC | 0 |
| 948 ## - LOCAL PROCESSING INFORMATION (OCLC); SERIES PART DESIGNATOR (RLIN) | |
| c (OCLC) | 04/03/1997 |
| Withdrawn status | Lost status | Source of classification or shelving scheme | Damaged status | Not for loan | Home library | Current library | Shelving location | Date acquired | Total Checkouts | Full call number | Barcode | Date last seen | Copy number | Price effective from | Koha item type |
|---|---|---|---|---|---|---|---|---|---|---|---|---|---|---|---|
| Other/Generic Classification Scheme | London | London | RICS Boxes | 29/10/2002 | BASEMENT | 95500-1001 | 06/08/2019 | 1 | 06/08/2019 | Archive |